000
00318nam a2200133Ia 4500
008
100328s9999 xx 000 0 und d
082
_b
72487
100
_a
हरकारे अरुण.
245
_a
कलम 115
260
_b
नवल
630
_a
कलम 115
730
_a
कलम 115
942
_c
BOOK
999
_c
558208
_d
558205